Primer registro para Colombia de abejas sin aguijón encontradas a mas de dos mil metros de altura (<Hymenoptera: Apidae>) (Registro nro. 15222)

Detalles MARC
000 -CABECERA
Campo de control 004260000a22001210004500
090 ## - CLASIFICACIÓN LOCAL
Colección AS
Consecutivo Seriadas
041 0# - IDIOMA
Código de idioma para texto/pista de sonido o título separado
100 1# - ASIENTO PRINCIPAL--NOMBRE PERSONAL
Nombre personal Vergara B., Carlos
245 10 - MENCION DE TITULO
Título Primer registro para Colombia de abejas sin aguijón encontradas a mas de dos mil metros de altura (<Hymenoptera: Apidae>)
700 1# - ASIENTO SECUNDARIO - NOMBRE PERSONAL
Nombre personal Pinto M., Oscar
773 1# - Item fuente:
Título Lozania: Acta Zoológica Colombiana
Especificación de materiales 375
Descripción física 35
Paginas del Articulo 1-8
Lugar, editorial y fecha de publicación 1981
942 ## - ELEMENTOS ADICIONALES (KOHA)
Tipo de ítem Artículo

No hay ítems disponibles.